书目信息 |
| 题名: |
中国古典文学研究论文索引
|
|
| 作者: | ;中国社会科学院文学研究所图书资料室 编 | |
| 分册: | ||
| 出版信息: | 北京 中华书局出版 1982.5 |
|
| 页数: | 548页 | |
| 开本: | 20cm | |
| 丛书名: | ||
| 单 册: | ||
| 中图分类: | Z89:I206.2 | |
| 科图分类: | ||
| 主题词: | 文摘 , 索引 | |
| 电子资源: | ||
| ISBN: | ||
| 000 | 00681nam0 2200217 45 | |
| 001 | 0181015765 | |
| 005 | 20060622164854.56 | |
| 010 | @dCNY1.95 | |
| 091 | @a10018.486 | |
| 100 | @a20810111d km y0chiy0120 ea | |
| 101 | 0 | @achi |
| 200 | 1 | @a中国古典文学研究论文索引@AZhong Guo Gu Dian Wen Xue Yan Jiu Lun Wen Suo Yin@e1966.7-1979.12@f中国社会科学院文学研究所图书资料室编@Fzhong guo she hui ke xue yuan |
| 210 | @a北京@c中华书局出版@d1982.5 | |
| 215 | @a548页@d20cm | |
| 517 | @a1966.7-1979.12 | |
| 606 | 0 | @a文摘 |
| 606 | 0 | @a索引 |
| 690 | @aZ89:I206.2@v3 | |
| 711 | 02 | @a中国社会科学院文学研究所图书资料室@4编 |
| 801 | @aCN@bTSTC@c20060622 | |
| 905 | @dZ89:I206.2@e55(66-79) | |
| 中国古典文学研究论文索引:1966.7-1979.12/中国社会科学院文学研究所图书资料室编.-北京:中华书局出版,1982.5 |
| 548页;20cm |
| ISBN :CNY1.95 |
| ● |
| 相关链接 |
|
|
|
|
正题名:中国古典文学研究论文索引
索取号:Z89:I206.2/55(66-79)
 
预约/预借
| 序号 | 登录号 | 条形码 | 馆藏地/架位号 | 状态 | 备注 |
| 1 | 0077706 | 202125208 | 第二样本阅览室/ [索取号:Z89:I206.2/55(66-79)] | 在馆 | |
| 2 | 0421322 | 204213225 | 密集书库/ [索取号:Z89:I206.2/55(66-79)] | 在馆 | |
| 3 | 0421323 | 204213234 | 密集书库/ [索取号:Z89:I206.2/55(66-79)] | 在馆 |